| 000 | 00718nam a2200229Ia 4500 | ||
|---|---|---|---|
| 001 | 9608 | ||
| 003 | GE_BSU | ||
| 008 | 181216s||||||||xx |||||||||||||| ||und|| | ||
| 040 | _cGE_BSU | ||
| 080 | _a821.353.1-1 | ||
| 100 | _aმელაშვილი,კოტე | ||
| 245 | _aმიწის სიცოცხლე | ||
| 245 | _bლექსები | ||
| 245 | _cრედ:შოთა ნიშნიანიძე;მხატვ:დავით გრიგოლია | ||
| 260 | _aთბილისი. | ||
| 260 | _bმერანი | ||
| 260 | _c1971 | ||
| 300 | _a75გვ;16სმ. | ||
| 653 | _aლექსები | ||
| 653 | _aმიწის სიცოცხლე | ||
| 942 | _cBK | ||
| 999 |
_c42894 _d42894 |
||